00355nam a2200109Ia 4500008004100000041000800041082001800049100004800067245007500115260004400190300001100234231228s1993 xx 000 0 und d aeng a658.4012bLED aLEDGERWOOD (G.)/ STREET (E.)/ THERIVEL (R.) aThe Enviromental Audit and Business Strategy: A Total Quality Approach aLondonbPitman Publication Londonc1993 aXV,203